100 sonetos singulares (Record no. 58071)

MARC details
000 -LÍDER
campo de controle de tamanho fixo 00348 a2200157 4500
001 - NÚMERO DE CONTROLE
campo de controle 58071
020 ## - ISBN - INTERNATIONAL STANDARD BOOK NUMBER
ISBN - International Standard Book Number
040 ## - FONTE DA CATALOGAÇÃO
Instituição que transcreveu o registro Anchieta - Pituba
100 ## - ENTRADA PRINCIPAL--NOME PESSOAL
Nome pessoal Carvalho, José Theotônio de
240 10 - TÍTULO UNIFORME
Título uniforme 100 sonetos singulares
Idioma da obra por
245 10 - TÍTULO
Título 100 sonetos singulares
300 ## - DESCRIÇÃO FÍSICA
Extensão 128
362 0# - DATAS DE PUBLICAÇÃO E/OU DESIGNAÇÃO SEQUENCIAL
Datas de publicação e/ou designação sequencial 1999
650 #4 - ASSUNTO--TERMO TÓPICO
Cabeçalho tópico ou nome geográfico Poesia brasileira
942 ## - ELEMENTOS DE ENTRADA ADICIONADOS (KOHA)
Tipo de material Koha Livros
Holdings
Situação do descarte Situação das perdas Situação física Não pode ser emprestado Biblioteca de origem Biblioteca atual Data de aquisição Total de empréstimos Número de chamada completo Código de barras Data de último acesso Data do preço efetivo Tipo de material Koha
        Colégio Anchieta - Pituba Colégio Anchieta - Pituba 21/11/2023   869.91 C331c CAR 100 8376/PIT 21/11/2023 21/11/2023 Livros